000 00885nam a2200217Ia 4500
999 _c39349
_d39349
001 5936
003 GE_BSU
005 20190829101817.0
008 181216s1965||||ge |||||||||||||| ||geo||
040 _cGE_BSU
041 _ageo
080 _a821.353.1-1 ა-13
100 _aაბაშიძე, ირაკლი
_93740
245 _aრუსთაველის ნაკვალევზე :
_bლექსები /
_cირაკლი აბაშიძე ; რედ. რ. მარგიანი.
264 _aთბილისი :
_bლიტერატურა და ხელოვნება ;
_c1965.
300 _a65 გვ. ;
_c27 სმ.
653 _aლექსები
653 _aრუსთაველის ნაკვალევზე
700 _aმარგიანი, რ.
_eრედაქტორი
_93672
942 _cBK
_2udc